000 00344nam a22001337a 4500
999 _c534308
_d534308
020 _a9693521005
040 _cMSOHAIL
082 _a891.4393
100 _aSaadat Hassan Manto - سعادت حسن منٹو
_d
_928456
245 _aLazat -e- Sang / لذت سنگ
260 _aLahore
_bSang-e-Meel
_cc2008
300 _a126;p
942 _2ddc
_cBK